000 00956nam a2200265 a 4500
001 BRCA_4802
005 20190320204819.0
008 810522d1913----mx-a######---#000-0#spa-d
041 _aspa
044 _amx
050 4 _aQB9
_b.G36 1
_c1913
100 1 _aGama, Valentín
_912168
245 1 0 _aAnuario del Observatorio Astronómico Nacional de Tacubaya
_bpara el año de 1914
_cformado bajo la dirección de Valentín Gama.
260 _aMéxico
_bImprenta y fofotipia de la Secretaría de Fomento
_c1913
300 _a508 p.
_bil.
_c18 cm.
440 0 _aAnuario del Observatorio Astronómico Nacional de Tacubaya
_912169
500 _aIncluye tablas meteorológicas
500 _aEstado físico: libro deteriorado, cubierta desprendida
500 _aVer también CFG68, L70, L170 y L213
500 _aCFG67
650 1 4 _aAstronomía
_vAnuario
_xObservaciones
_zMéxico
_912170
700 1 _aGallo, Joaquín
_912171
902 _aGFM
942 _2lcc
_cB
999 _c4499
_d4499